La Finlande pour les touristes... - Statistiques

Statistiques générales
  • Ce quiz a été pris 67 fois
  • Le résultat moyen est 12 sur 20
Statistiques - réponses
Question Indice Réponses % Correct
Le suffixe internet est fi
98%
Quelle est la monnaie ? Euro
97%
La conduite se fait à droite ou à gauche ? Droite
95%
Quelle sont les langues officielles ? Finnois
95%
Dans la capitale y-a-t-il un décalage horaire avec Paris ? (oui/non) Oui
95%
Quelles sont les principales villes touristiques ? H Helsinki
94%
Quelle sont les langues officielles ? Suédois
86%
Quelles autres langues sont répandues ? R Russe
84%
Quelles autres langues sont répandues ? A Anglais
75%
La vitesse hors agglomération est limitée à {80} km/h
70%
Le taux d'alcoolémie toléré au volant est de {0.5} g/l
62%
Quelles sont les principales villes touristiques ? T Turku
56%
Quelles sont les principales villes touristiques ? R Rovaniemi
49%
Achats à faire 3/ Sac en écorce de Bouleau
35%
La religion majoritaire est luthéranisme
27%
Quelles sont les principales villes touristiques ? P Porvoo
22%
Achats à faire 1/ Tambour de sorcière Sami
22%
Achats à faire 2/ Gants sans doigts Moufles
21%
On peut y visiter le parc national de O Oulanka
8%
Quelles sont les principales villes touristiques ? S Sodankyia
0%
Aucun quiz correspondant
Distribution des résultats
% des personnes avec chaque résultat
Percentile par nombre de réponses
Votre historique - résultats
Vous n’avez pas pris ce quiz